Otter conservation in the Třeboň biosphere reserve and protected landscape area /

Další autoři: Roche, Kevin, Kučerová, Marcela
Jazyk: Angličtina
Vydáno: Strasbourg : Scientific backround and management recomendation, 2000
Témata:
Fyzický popis: iii, 103 s. : il., mapy (větš. barev.) ; 24 cm
Knihy
Uloženo v:
LEADER 01390nam a2200349 a 4500
001 000603784
003 CZ BrMZK
005 20250610074142.0
007 ta
008 020531s2000 fr f eng d
040 |a BOA001  |b cze 
043 |a e-xr---  |b e-xr-cc  |2 czenas 
072 7 |a 502  |x Životní prostředí a jeho ochrana  |2 Konspekt  |9 2 
080 |a 599.742.4  |2 MRF 
080 |a 591.9  |2 MRF 
080 |a 502.2  |2 MRF 
080 |a (437.31-13)  |2 MRF 
080 |a (048.8)  |2 MRF 
245 0 0 |a Otter conservation in the Třeboň biosphere reserve and protected landscape area /  |c edited by: M. Kučerová, K. Roche 
260 |a Strasbourg :  |b Scientific backround and management recomendation,  |c 2000 
300 |a iii, 103 s. :  |b il., mapy (větš. barev.) ;  |c 24 cm 
504 |a Obsahuje bibliografii 
650 0 7 |a vydra říční  |7 ph116640  |z Česko  |2 czenas 
650 0 7 |a fauna  |7 ph114529  |z Česko  |2 czenas 
651 7 |a Biosférická rezervace Třeboňsko (Česko)  |7 ge128399  |x přírodní poměry  |2 czenas 
651 7 |a Chráněná krajinná oblast Třeboňsko (Česko)  |7 ge128451  |x přírodní poměry  |2 czenas 
655 7 |a studie  |7 fd133597  |2 czenas 
700 1 |a Roche, Kevin  |7 jn20001227403  |4 edt 
700 1 |a Kučerová, Marcela  |4 edt 
910 |a BOA001  |b 2-1103.791 
990 |a BK 
996 7 |b 2610162241  |c 2-1103.791  |l MZK  |r Sklad / do 1 hodiny  |n 2  |p dar  |w 000603784  |u 000010  |a 1  |e BOA001  |j MZK50  |s A